[Event "Sao Paulo Carnaval op"]
[Site "Sao Paulo"]
[Date "2025.03.02"]
[Round "4"]
[White "Corsini, Gabriel Da Costa"]
[Black "Dos Santos, Carlos Henrique Fer"]
[Result "1-0"]
[WhiteElo "1807"]
[BlackElo "1800"]
[PlyCount "65"]
[EventDate "2025.03.01"]
[EventType "swiss (rapid)"]
[EventRounds "6"]
[EventCountry "BRA"]
[SourceTitle "CB10_2025"]
[SourceDate "2025.03.05"]
[SourceVersion "1"]
[SourceVersionDate "2025.03.05"]
[SourceQuality "1"]

1. e4 c5 2. Nf3 Nc6 3. d4 cxd4 4. Nxd4 e5 5. Nf5 d6 6. Ne3 Nf6 7. Nc3 Be6 8. Ned5 Bxd5 9. exd5 Nb4 10. Bb5+ Nd7 11. a3 Na6 12. Qe2 Nc7 13. Ba4 a6 14. Bf4 Be7 15. Bg3 b5 16. Bb3 0-0 17. 0-0-0 Nc5 18. Ba2 Bg5+ 19. Kb1 Rb8 20. Ne4 Nxe4 21. Qxe4 f5 22. Qb4 f4 23. h4 fxg3 24. hxg5 Qxg5 25. fxg3 Qxg3 26. Qxd6 Rbc8 27. Qe7 Kh8 28. d6 h6 29. dxc7 e4 30. Qxe4 Qxc7 31. Bb3 Rfe8 32. Qd4 Rcd8 33. Rxh6# 1-0

[Event "Sao Paulo Carnaval op"]
[Site "Sao Paulo"]
[Date "2025.03.01"]
[Round "1"]
[White "Dos Santos, Carlos Henrique Fer"]
[Black "Zachi, Felipe Parelho"]
[Result "0-1"]
[WhiteElo "1800"]
[BlackElo "1765"]
[PlyCount "58"]
[EventDate "2025.03.01"]
[EventType "swiss (rapid)"]
[EventRounds "6"]
[EventCountry "BRA"]
[SourceTitle "CB10_2025"]
[SourceDate "2025.03.05"]
[SourceVersion "1"]
[SourceVersionDate "2025.03.05"]
[SourceQuality "1"]

1. e4 c5 2. Nf3 d6 3. d4 cxd4 4. Nxd4 Nf6 5. Nc3 g6 6. Be3 Bg7 7. Bc4 0-0 8. Qd2 Nc6 9. Nxc6 bxc6 10. 0-0-0 Qa5 11. Bh6 Rb8 12. Bxg7 Kxg7 13. h4 Qb4 14. Bb3 c5 15. a3 Qb7 16. f4 c4 17. e5 dxe5 18. fxe5 Nh5 19. g4 Bxg4 20. Rdg1 Be6 21. Na4 cxb3 22. c3 Rfd8 23. Qg2 Bd5 24. Qf2 Bxh1 25. Rf1 Bf3 26. Qxf3 Qxf3 27. Rxf3 Rd5 28. Re3 Rbd8 29. Re1 Nf4 0-1